Poemas japoneses / (Record no. 122071)

MARC details
000 -LEADER
campo de control de longitud fija 00436nam a2200157 4500
001 - NÚMERO DE CONTROL
campo de control 122071
003 - IDENTIFICADOR DE NÚMERO DE CONTROL
campo de control ES-MaACL
007 - CAMPO FIJO DE DESCRIPCIÓN FÍSICA--INFORMACIÓN GENERAL
campo de control de longitud fija t|
008 - DATOS DE LONGITUD FIJA--INFORMACIÓN GENERAL
campo de control de longitud fija 070214s1928 ag r ||||1| spa d
245 00 - MENCIÓN DEL TÍTULO
Título Poemas japoneses /
Mención de responsabilidad, etc. versión castellana de Gutiérrez Alfaro.
250 ## - MENCION DE EDICION
Mención de edición Ed. privada.
260 ## - PUBLICACIÓN, DISTRIBUCIÓN, ETC.
Lugar de publicación, distribución, etc. Buenos Aires :
Nombre del editor, distribuidor, etc. Ruiz Hermanos,
Fecha de publicación, distribución, etc. 1928.
300 ## - DESCRIPCIÓN FÍSICA
Extensión 94 p. ;
Dimensiones 18 cm.
700 1# - ENTRADA AGREGADA--NOMBRE PERSONAL
Nombre de persona Gutiérrez Alfaro.
9 (RLIN) 61083
852 ## - LOCALIZACIÓN
Ubicación ES-MaACL
Número de control de estantería B-282
Holdings
Estatus retirado Estado de pérdida Estado de daño No para préstamo Biblioteca de origen Biblioteca actual Ubicación en estantería Fecha de adquisición Fuente de adquisición Total de préstamos Signatura topográfica completa Código de barras Visto por última vez Precio de reemplazo Tipo de ítem Koha
        Biblioteca del Ateneo de Madrid Biblioteca del Ateneo de Madrid Sala Pardo Bazán 17/01/2008     B-282 1127212 23/02/2023 23/02/2023 Libro impreso